Top 30 Ballon d'or 2018 - Statistiques

Statistiques générales
  • Ce quiz a été pris 183 fois
  • Le résultat moyen est 25 sur 30
Statistiques - réponses
Classement Nationalité Réponse % Correct
2 Cristiano Ronaldo
100%
4 Kylian Mbappé
99%
5 Lionel Messi
99%
1 Luka Modric
99%
6 Mohamed Salah
99%
9 Kevin de Bruyne
98%
3 Antoine Griezmann
97%
17 Gareth Bale
97%
12 Neymar
97%
10 Harry Kane
96%
15 Paul Pogba
96%
13 Luis Suarez
94%
30 Hugo Lloris
91%
11 N'Golo Kanté
91%
23 Edinson Cavani
90%
8 Eden Hazard
89%
22 Sadio Mané
89%
14 Thibaut Courtois
89%
7 Raphaël Varane
88%
18 Karim Benzema
80%
26 Jan Oblak
75%
25 Mario Mandzukic
68%
20 Ivan Rakitic
67%
24 Marcelo
65%
21 Sergio Ramos
64%
28 Diego Godin
58%
16 Sergio Agüero
54%
27 Alisson
51%
19 Roberto Firmino
44%
29 Isco
36%
Aucun quiz correspondant
Distribution des résultats
% des personnes avec chaque résultat
Percentile par nombre de réponses
Votre historique - résultats
Vous n’avez pas pris ce quiz